logo

Bir Sreshtho Munshi Abdur Rouf Library
Jhenaidah Cadet College

English Version of Modern Functional Grammar : (Record no. 4828)

MARC details
000 -LEADER
fixed length control field 00628nam a2200217 a 4500
001 - CONTROL NUMBER
JCCL Control Number 4828
003 - CONTROL NUMBER IDENTIFIER
JCCL marc code BD-JhCC
005 - DATE AND TIME OF LATEST TRANSACTION
control field 20220825134021.0
008 - FIXED-LENGTH DATA ELEMENTS--GENERAL INFORMATION
fixed length control field 171203s2007 bg |||| || | 000 0 eng d
035 ## - SYSTEM CONTROL NUMBER
system control number (BD-JhCC)4828
040 ## - CATALOGING SOURCE
Original cataloging agency BD-JhCC
Modifying agency BD-JhCC
041 ## - LANGUAGE CODE
Language code of Book eng
082 ## - DEWEY DECIMAL CLASSIFICATION NUMBER
Classification number 425
Author mark and Year AHM 2007
100 ## - MAIN ENTRY--PERSONAL NAME
Personal name Ahmed, Matlub
245 ## - TITLE STATEMENT
Title English Version of Modern Functional Grammar :
Remainder of title with communicative English written & spoken /
Statement of responsibility, etc Matlub Ahmed,
260 ## - PUBLICATION, DISTRIBUTION, ETC. (IMPRINT)
Place of publication, distribution, etc Sylhet :
Name of publisher, distributor, etc Academy for Arabic & English Language,
Date of publication, distribution, etc 2007.
300 ## - PHYSICAL DESCRIPTION
Pagination 520 p. :
Dimensions 22 cm.
650 ## - SUBJECT ADDED ENTRY--TOPICAL TERM
Topical term or geographic name as entry element English Grammer
942 ## - ADDED ENTRY ELEMENTS (KOHA)
Source of classification or shelving scheme Dewey Decimal Classification
Koha item type Books
Koha issues (borrowed), all copies 1
Holdings
Source of classification or shelving scheme Damaged status Not for loan Home library Current library Shelving location Date of accession Cost, normal purchase price Total Checkouts Full call number Barcode Date last seen Date checked out Copy number Koha item type Checked out
Dewey Decimal Classification     JCC Rouf Library JCC Rouf Library General Stacks 12/03/2017 335.00 2 425 AHM 2007 6705 06/05/2024 06/04/2024 C-1 Books  
Dewey Decimal Classification     JCC Rouf Library JCC Rouf Library General Stacks 09/11/2023 335.00 3 425 AHM 2007 8509 12/17/2025 11/18/2025 C - 2 Books  
Dewey Decimal Classification     JCC Rouf Library JCC Rouf Library General Stacks 03/12/2018 335.00 1 425 AHM 2007 12431 02/18/2026 02/18/2026 C-3 Books 03/28/2026

JCC Library | Contacts | JCC Home

Last Update on 23 September 2017
Copyright @ 2017-2020 JCC Rouf Library
Rouf Library, Jhenidah Cadet College (JCC), Bangladesh